Регионална библиотека "Любен Каравелов" - Русе

Стихотворения ; Поеми (Запис номер 184958)

MARC детайли
000 -Лидер
Контролно поле с фиксирана дължина 01284nam a2200301 c 4500
003 - Код на организацията, давaща контролен номер
Контролно поле BLK
005 - Дата и час на последна редакция
Контролно поле 20180422115401.0
008 - Елементи от данни с фиксирана дължина
fixed length control field 180411b bul|||||r ||||||| ||bul||
010 ## - Наследен системен номер
LC control number KNG00193935000
040 ## - Източник на каталожния запис
Идентификатор на билиотеката - собственик на записа BLK
041 ## - Код за език
Код за езика на текст/звукозапис или на отделно заглавие Български
Код за езика КДБФ Български
080 ## - УДК
Текстов определител УДК Руска литература
УДК код - определител по УДК 821.161.1
УДК определител -1
УДК - код + определител 821.161.1-1
100 1# - Редна дума - Автор
Автор Есенин, Сергей Александрович
Авторска отговорност първи автор
R(LIN) 67611
139 ## - Редно поле
Редна дума Есенин, Сергей Александрович
Авторски знак Есе - Е 86
245 10 - Сведения за заглавието
Заглавие Стихотворения ; Поеми
Редно поле (дума) Сергей Александрович Есенин; подб., предг. и прев. Иван Иванов Николов.
257 ## - Страна на издаване
Страна на създаване/издаване Русия
260 ## - Област на издателските данни
-- София
Име на издателя, разпространителя и проч. Нар. култура
Година на издаване 1984
300 ## - Физическа характеристика
Страници 488 с.
Размери/Мащаб 21 см
380 ## - Жанр
Жанр Худож. лит.
490 1# - СЕРИИ (Колекции)
Име на серия Библиотека Световна класика
500 ## - Общи забележки
Забележка Прев. е направен от Собрание сочинений в 5 т. / Сергей Есенин. - 25 125 тир.
700 1# - Други автори (авторска отговорност)
Лично име Николов, Иван Иванов
Автороска отговорност (Описва отношението между автора и произведението) подб., предг. и прев.
9 (RLIN) 372980
852 ## - Местоположение
Форматна сигнатура Цб 127029
856 4# - Електронен адрес и достъп
Електронен формат pdf - файл
Път до файла /url/
856 4# - Електронен адрес и достъп
Електронен формат pdf - файл
Път до файла /url/
942 ## - АРТИКУЛИ
Вид на библиотечния материал Книги
Скрит в OPAC Не
944 ## - СЪЗДАВАНЕ И РЕДАКЦИЯ на ЗАПИСА
Създаване/Редакция Създаване
Дата на регистрацията/редакция 19.10.2016
Служител, извършил регистрацията/редакцията Кина_Георгиева
944 ## - СЪЗДАВАНЕ И РЕДАКЦИЯ на ЗАПИСА
Създаване/Редакция Редакция
Дата на регистрацията/редакция 19.10.2016
Служител, извършил регистрацията/редакцията Кина_Георгиева
999 ## - СИСТЕМНИ КОНТРОЛНИ НОМЕРА
Koha biblionumber 184958
Koha biblioitemnumber 184958
Наличности
Код за отписване Код за изгубен артикул Източник на класификационната схема Код за повреда Коз за рестрикции Код за отдаване Артикулен № Име на библиотеката - собственик Име на библиотеката, в която се намира в момента Статус (Текущо местоположение) Дата на вписване в системата Местоположение - отдел Цена в лева Инвентарен номер Систематично азбучна сигнатура Баркод Номер на екземпляра Цена в евро Служебна бележка Служебен тип на артикула Бележка за публиката
  Не е изгубен Universal Decimal Classification Не е повреден без рестрикции ползва се в читалня 320106 Регионална библиотека "Любен Каравелов" Русе Регионална библиотека "Любен Каравелов" Русе Хранилище 1984-01-01 Хранилище 3.40 407679 Цб 127029 120000407679 1 1.74 N: стар фонд Дата: 01.01.1984 Книги  
Изтеглен Не е изгубен   Не е повреден без рестрикции заемане за дома 320107 Регионална библиотека "Любен Каравелов" Русе Регионална библиотека "Любен Каравелов" Русе   1984-01-01 Заемна - подръчен фонд 3.40 654513 П 882-1/Е 86 654513 2 1.74 N: стар фонд Дата: 01.01.1984 Книги Отч.N: 3 , Дата: 17.01.2018
Изтеглен Не е изгубен Universal Decimal Classification Не е повреден без рестрикции заемане за дома 320108 Регионална библиотека "Любен Каравелов" Русе Регионална библиотека "Любен Каравелов" Русе Заемна - подръчен фонд 1984-01-01 Заемна - подръчен фонд 3.40 623307 П 882-1/Е 86 623307 3 1.74 N: стар фонд Дата: 01.01.1984 Дата инв: 09.02.2018 Бележки инв: П2018 Книги  
Изтеглен Не е изгубен Universal Decimal Classification Не е повреден без рестрикции заемане за дома 320109 Регионална библиотека "Любен Каравелов" Русе Регионална библиотека "Любен Каравелов" Русе Заемна - подръчен фонд 1984-01-01 Заемна - подръчен фонд 3.40 408002 П 882-1/Е 86 408002 4 1.74 N: стар фонд Дата: 01.01.1984 Дата инв: 09.02.2018 Бележки инв: П2018 Книги  
Изтеглен Не е изгубен   Не е повреден без рестрикции заемане за дома 320110 Регионална библиотека "Любен Каравелов" Русе Регионална библиотека "Любен Каравелов" Русе   1984-01-01 Заемна - подръчен фонд 3.40 408001 П 882-1/Е 86 408001 5 1.74 N: стар фонд Дата: 01.01.1984 Книги Отч.N: 5 , Дата: 19.01.2018
Vip Innovations Ltd, Rousse, Bulgaria 2025